Repensar la educación: diez preguntas para mejorar la docencia
Gespeichert in:
| Hauptverfasser: | , |
|---|---|
| Format: | Buch |
| Sprache: | Spanisch |
| Veröffentlicht: |
Santiago
Andrés bello
2008
|
| Ausgabe: | 1a. ed |
| Schlagworte: | |
| Tags: |
Tag hinzufügen
Keine Tags, Fügen Sie den ersten Tag hinzu!
|
MARC
| LEADER | 00000nam a2200000 a 4500 | ||
|---|---|---|---|
| 001 | UCI9599 | ||
| 003 | CL-VaPUC | ||
| 008 | 081128e20080000CL |||||||||||||||||spa|d | ||
| 020 | |a 9789561319752 | ||
| 082 | 0 | 4 | |a 370.1 |b BOH |2 21 |
| 100 | 0 | |a Böhm, Winfried |e author |9 533446 | |
| 700 | 0 | |a Schiefelbein F., Ernesto |e author |9 533447 | |
| 245 | 1 | 0 | |a Repensar la educación: diez preguntas para mejorar la docencia |
| 250 | |a 1a. ed | ||
| 300 | |a 269 p | ||
| 942 | |c BK | ||
| 945 | |d 20081128 00:00:00 |a rbrito | ||
| 260 | |a Santiago |b Andrés bello |c 2008 | ||
| 650 | 0 | |a Filosofía de la educación |9 258384 | |
| 650 | 0 | |a Calidad de la educación |9 307271 | |
| 650 | 0 | |a Educación |9 258661 | |
| 650 | 0 | |a Pedagogía |9 255351 | |
| 650 | 0 | |a Formación profesional de profesores |9 307493 | |
| 583 | |a last modification |c 20081128 00:00:00 |k Rodrigo Vera | ||
| 999 | |c 332112 |d 332110 | ||
| 952 | |0 0 |1 0 |4 0 |6 370_100000000000000_BOH_2008 |7 0 |8 A |9 419494 |a BIBEDU |b BIBEDU |d 2019-11-22 |i 4502116 |o 370.1 BOH 2008 |p 4502116 |r 2019-11-22 |w 2019-11-22 |y BK |k EBA | ||